ბათუმის შოთა რუსთაველის სახელმწიფო უნივერსიტეტის ბიბლიოთეკა

Практикум по плодоводству (ბიბ.ჩანაწერი № 46445)

000 -LEADER
fixed length control field 00724nam a2200217Ia 4500
001 - CONTROL NUMBER
control field 13283
003 - CONTROL NUMBER IDENTIFIER
control field GE_BSU
008 - FIXED-LENGTH DATA ELEMENTS--GENERAL INFORMATION
fixed length control field 181216s||||||||xx |||||||||||||| ||und||
040 ## - CATALOGING SOURCE
Transcribing agency GE_BSU
080 ## - UNIVERSAL DECIMAL CLASSIFICATION NUMBER
Universal Decimal Classification number 634.117(076.5)
100 ## - MAIN ENTRY--PERSONAL NAME
Personal name Колесников,В.А. Кузнецов,М.Д.Тарасов,В.М. и др.
245 ## - TITLE STATEMENT
Title Практикум по плодоводству
245 ## - TITLE STATEMENT
Remainder of title Лабораторные практические занятия и учебная практика
260 ## - PUBLICATION, DISTRIBUTION, ETC.
Place of publication, distribution, etc. Москва
260 ## - PUBLICATION, DISTRIBUTION, ETC.
Name of publisher, distributor, etc. Колос
260 ## - PUBLICATION, DISTRIBUTION, ETC.
Date of publication, distribution, etc. 1971
300 ## - PHYSICAL DESCRIPTION
Extent 304стр.илл.20см.
300 ## - PHYSICAL DESCRIPTION
Dimensions Библиогр.с.301-302
653 ## - INDEX TERM--UNCONTROLLED
Uncontrolled term Практикум по плодоводству
942 ## - ADDED ENTRY ELEMENTS (KOHA)
Koha item type წიგნი
ეგზემპლარები
Withdrawn status Lost status Damaged status Not for loan Date acquired Barcode Date last seen Price effective from Koha item type
        2018-12-17 20755 2018-12-17 2018-12-17 წიგნი
        2018-12-17 20756 2018-12-17 2018-12-17 წიგნი